Statistiken für League of Legends - Ionia

Klicken Sie hier um das Quiz zu spielen!

Allgemein

  • Dieses Quiz wurde 116 mal gespielt
  • Das Durchschnittsergebnis liegt bei 14 aus 19

Antwortstatistiken

Antwort% Korrekt
Irelia
94%
Zed
89%
Yasuo
88%
Shen
86%
Karma
85%
Yone
85%
Akali
84%
Ahri
80%
Kennen
79%
Jhin
69%
Xayah
66%
Rakan
65%
Kayn
63%
Lee Sin
61%
Sett
61%
Master Yi
59%
Ivern
56%
Lillia
51%
Wukong
39%

Verteilung der Resultate

Perzentil nach korrekt beantworteten Fragen

Anzahl Personen mit jedem Resultat

Ihre Resultats-Entwicklung

Sie haben dieses Quiz noch nicht gespielt